SPEAKING WITH A PURPOSE /

Bibliographic Details
Main Author: Koch, Arthur, 1931- (Author)
Format: Book
Language:English
Edition:Second Edition.
Subjects:
LEADER 00908cam a2200301 7i4500
001 0000067169
005 20191211090000.0
005 ##20191211083100.0
003 ##MY-KlINT
008 180321 19921988nju 000 0 eng d
020 # # |a 9780138304720  
020 # # |a 0138304726  
039 # 9 |a 201912110831  |b rozila  |c 201810151626  |d Amir  |c 201803211127  |d Amir  |c 201803211045  |d rozila  |y 201803211044  |z rozila 
040 # # |a ELMU 
082 0 0 |a 808.51 
090 0 0 |a 808.51   |b KOC 
100 1 # |a Koch, Arthur,   |d 1931-   |e author 
245 1 0 |a SPEAKING WITH A PURPOSE /   |c ARTHUR KOCH. 
250 # # |a Second Edition. 
264 # 0 |c ♭1988 
264 # 0 |a New Jersey  |b PRENTICE HALL  |c 1992 
300 # # |a xii, 163 pages;   |c 23cm. 
336 # # |a text  |2 rdacontent 
337 # # |a unmediated  |2 rdamedia 
338 # # |a volume  |2 rdacarrier 
504 # # |a Includes bibliographical references and index 
583 # # |a LULUS 
650 # 0 |a Public speaking